Estudio preliminar. Paso a dos niveles en calle 5, entre avenidas 18 y 22
Guardado en:
| Hovedforfatter: | |
|---|---|
| Format: | Ukendt |
| Udgivet: |
[San José, Costa Rica]
1974
|
| Fag: | |
| Tags: |
Tilføj Tag
Ingen Tags, Vær først til at tagge denne postø!
|
MARC
| LEADER | 00000 a2200000 4500 | ||
|---|---|---|---|
| 003 | 011462 | ||
| 005 | 20221231143820.0 | ||
| 008 | 140114s1974 c a m 000 ||s d | ||
| 040 | |c cru CEDI | ||
| 090 | |a TFG 543 | ||
| 100 | |a Loría González, Roberto |9 16676 | ||
| 245 | |a Estudio preliminar. Paso a dos niveles en calle 5, entre avenidas 18 y 22 | ||
| 260 | |c 1974 |a [San José, Costa Rica] | ||
| 300 | |a 20 hojas, mapas (plegables) | ||
| 500 | |a Tesis (Ingeniero Civil) Universidad de Costa Rica. | ||
| 650 | |x CARRETERAS - SAN JOSE (COSTA RICA) |9 1903 | ||
| 942 | |c TFG | ||
| 999 | |c 12420 |d 12420 | ||
